Chanteurs francophones ringards - Statistiques

Statistiques générales
  • Ce quiz a été pris 25 fois
  • Le résultat moyen est 4 sur 20
Statistiques - réponses
Réponse % Correct
Frédéric François
63%
Jean Pierre François
58%
Dick Rivers
32%
Herbert Léonard
32%
Dany Brillant
26%
Daniel Guichard
21%
François Valéry
21%
Robert Charlebois
21%
Claude Barzotti
16%
François Feldman
16%
Frank Michael
16%
Gérard Lenorman
16%
Jean François Michael
16%
Richard Cocciante
16%
C Jêrome
11%
Didier Barbelivien
11%
Félix Gray
11%
Jean François Maurice
11%
Julos Beaucarne
11%
Alain Barrière
0%
Aucun quiz correspondant
Distribution des résultats
% des personnes avec chaque résultat
Percentile par nombre de réponses
Votre historique - résultats
Vous n’avez pas pris ce quiz